LAW AND MEDIA (Record no. 34074)

MARC details
000 -LEADER
fixed length control field 00305nam a22001457a 4500
003 - CONTROL NUMBER IDENTIFIER
control field SGT
020 ## - INTERNATIONAL STANDARD BOOK NUMBER
International Standard Book Number 9789391787417
082 ## - DEWEY DECIMAL CLASSIFICATION NUMBER
Classification number 343.099
Item number SIN
100 ## - MAIN ENTRY--PERSONAL NAME
Personal name SINGH RATTAN
245 ## - TITLE STATEMENT
Title LAW AND MEDIA
250 ## - EDITION STATEMENT
Edition statement 1
260 ## - PUBLICATION, DISTRIBUTION, ETC. (IMPRINT)
Place of publication, distribution, etc FARIDABAD
Name of publisher, distributor, etc ALLAHABAD LAW AGENCY
Year of Publication 2022
300 ## - PAGE DESCRIPTION
No. of Pages 174
942 ## - ADDED ENTRY ELEMENTS (KOHA)
Source of classification or shelving scheme Dewey Decimal Classification
Koha item type Books
Holdings
Withdrawn status Lost status Source of classification or shelving scheme Damaged status Not for loan Collection code Home library Current library Shelving location Date acquired Vendor Name Cost, normal purchase price SGTU Bill Number Full call number Accession No. (Barcode) Date last seen Bill Date Koha item type Total Checkouts
    Dewey Decimal Classification   Not For Loan LAW SGT Science & Social Sciences Library SGT Science & Social Sciences Library Reference Book 12/02/2026 ZAFFA BOOKS AND DISTRIBUTOR 295.00 SGTU ZBD0409 343.099 SIN FL3981 12/02/2026   Books  
    Dewey Decimal Classification     LAW SGT Science & Social Sciences Library SGT Science & Social Sciences Library Text Book 12/02/2026 ZAFFA BOOKS AND DISTRIBUTOR 295.00 SGTU ZBD0409 343.099 SIN FL3982 12/02/2026   Books  
    Dewey Decimal Classification     LAW SGT Science & Social Sciences Library SGT Science & Social Sciences Library Text Book 12/02/2026 ZAFFA BOOKS AND DISTRIBUTOR 295.00 SGTU ZBD0409 343.099 SIN FL3983 12/02/2026   Books  
    Dewey Decimal Classification     LAW SGT Science & Social Sciences Library SGT Science & Social Sciences Library Text Book 12/02/2026 ZAFFA BOOKS AND DISTRIBUTOR 295.00 SGTU ZBD0409 343.099 SIN FL3984 12/02/2026   Books  
    Dewey Decimal Classification     LAW SGT Science & Social Sciences Library SGT Science & Social Sciences Library Text Book 12/02/2026 ZAFFA BOOKS AND DISTRIBUTOR 295.00 SGTU ZBD0409 343.099 SIN FL3985 12/02/2026   Books